| 000 | 00785nam a22001577a 4500 | ||
|---|---|---|---|
| 008 | 150507b xxu||||| |||| 00| 0 eng d | ||
| 020 | _a9781921917240 | ||
| 050 | _aHF 5001. H678 | ||
| 100 | _aHoang, Paul | ||
| 245 | _aBusiness management | ||
| 250 | _a3rd edition | ||
| 260 |
_aMelton, Australia _bIBID Press _c2014 |
||
| 300 |
_a596 pages. _bcolor illustrations., _c28 cm. |
||
| 650 |
_2Business management _aIntroduction to business management -- types of organization -- organizational objectives -- stakeholders -- external environment -- growth and evolutioon -- organizational planning tools (HL) -- human resource management -- organizational structure -- leadership -- motivation -- budgets -- marketing planning -- |
||
| 942 |
_2lcc _cBK _hHF 5001. H678 |
||
| 999 |
_c283894 _d283894 |
||